000 00511nam a2200181Ia 4500
003 OSt
005 20260117113815.0
008 210210b1948 xxu||||| |||| 00| 0 eng d
040 _cAL
041 _aKannada
082 _a859/417
100 _aKRASHNASVAMI (H S)
_9149087
_dಕೃಷ್ಣಸ್ವಾಮಿ (ಹೆಚ್ ಎಸ್)
245 _aMuktimarga:
_bಮುಕ್ತಿಮಾರ್ಗ
260 _aBengaluru
_b-
_c1948
690 _aKannada Fiction
_9149088
906 _a021287
942 _2ddc
_cBK
999 _c145351
_d145351